[Event "FICGS rapid A 000292 email"]
[Site "FICGS email"]
[Date "2023.02.21"]
[Round "1"]
[White "Ploscaru, Stelian"]
[Black "Swiatek, Janusz"]
[Result "1/2-1/2"]
[WhiteElo "2197"]
[BlackElo "2199"]
[PlyCount "51"]
[EventDate "2023.??.??"]
[EventType "tourn (rapid)"]
[EventRounds "6"]
[SourceTitle "Corr 2024"]
[Source "ChessBase"]
[SourceDate "2023.10.19"]
[SourceVersion "1"]
[SourceVersionDate "2023.10.19"]
[SourceQuality "1"]

1. e4 e6 2. d4 d5 3. Nc3 Nf6 4. e5 Nfd7 5. f4 c5 6. Nf3 Nc6 7. Be3 a6 8. Qd2 Be7 9. Be2 0-0 10. 0-0 b5 11. a3 Qb6 12. Nd1 a5 13. c3 a4 14. Bd3 Ba6 15. Nf2 cxd4 16. Nxd4 Bc5 17. Rae1 Bxd4 18. Bxd4 Nxd4 19. cxd4 b4 20. Qxb4 Qxb4 21. axb4 Bc4 22. Bxc4 dxc4 23. Rc1 Rfd8 24. Rxc4 Nb6 25. Rc6 Rab8 26. Rd6 1/2-1/2

[Event "FICGS W-ch st1 g06 email"]
[Site "FICGS email"]
[Date "2022.11.02"]
[Round "2"]
[White "Pintor, Manuel"]
[Black "Ploscaru, Stelian"]
[Result "0-1"]
[WhiteElo "1652"]
[BlackElo "2208"]
[PlyCount "52"]
[EventDate "2022.??.??"]
[EventType "tourn (corr)"]
[EventRounds "6"]
[SourceTitle "Corr 2024"]
[Source "ChessBase"]
[SourceDate "2023.10.19"]
[SourceVersion "1"]
[SourceVersionDate "2023.10.19"]
[SourceQuality "1"]

1. e4 c5 2. f4 d5 3. exd5 Nf6 4. c4 e6 5. Nc3 exd5 6. cxd5 Nxd5 7. Nxd5 Qxd5 8. Nf3 Be7 9. Qc2 Bf5 10. Qa4+ Nc6 11. Bc4 Qd6 12. d3 0-0 13. 0-0 a6 14. Qb3 b5 15. Bd5 Na5 16. Qa3 Qxd5 17. Qxa5 Bxd3 18. Rd1 Rfe8 19. Ne5 Qd4+ 20. Kh1 c4 21. Qe1 Bd6 22. Bd2 f6 23. Be3 Qe4 24. Nxd3 cxd3 25. Bf2 Qxf4 26. Qd2 Qxh2# 0-1

[Event "FICGS W-ch st1 g06 email"]
[Site "FICGS email"]
[Date "2022.11.02"]
[Round "1"]
[White "Ploscaru, Stelian"]
[Black "Fox, Paul"]
[Result "1/2-1/2"]
[WhiteElo "2208"]
[BlackElo "2017"]
[PlyCount "125"]
[EventDate "2022.??.??"]
[EventType "tourn (corr)"]
[EventRounds "6"]
[SourceTitle "Corr 2024"]
[Source "ChessBase"]
[SourceDate "2023.10.19"]
[SourceVersion "1"]
[SourceVersionDate "2023.10.19"]
[SourceQuality "1"]

1. e4 e5 2. Nf3 Nc6 3. Bb5 Nf6 4. d3 Bc5 5. Bxc6 dxc6 6. 0-0 Bg4 7. h3 Bh5 8. g4 Nxg4 9. hxg4 Bxg4 10. Be3 Bb4 11. c3 Be7 12. Nbd2 Qc8 13. Kg2 f5 14. exf5 Qxf5 15. Qa4 Bh3+ 16. Kh1 Bxf1 17. Rxf1 Qxd3 18. Rg1 g6 19. Qg4 Rf8 20. Ne4 Qd7 21. Qxd7+ Kxd7 22. Rd1+ Ke6 23. Kg2 Rad8 24. Re1 h5 25. Bh6 Rg8 26. c4 Rde8 27. Bd2 Bf6 28. b3 g5 29. Nexg5+ Bxg5 30. Rxe5+ Kd6 31. c5+ Kd7 32. Rxg5 Rxg5+ 33. Nxg5 Re2 34. Nf3 Ke7 35. Kf1 Re4 36. Nh4 Rg4 37. f3 Rg8 38. Bf4 Kd7 39. Kf2 b6 40. Be3 Ke6 41. Ng2 Ke5 42. Bg5 bxc5 43. Bf4+ Kd4 44. Bxc7 c4 45. bxc4 Kxc4 46. f4 Kd4 47. Kf3 c5 48. a4 c4 49. Be5+ Kd3 50. f5 c3 51. f6 c2 52. Ne1+ Kd2 53. Nxc2 Kxc2 54. Bd6 Kb3 55. f7 Ra8 56. f8Q Rxf8+ 57. Bxf8 Kxa4 58. Kg3 a5 59. Kh4 Kb3 60. Kxh5 a4 61. Kg4 a3 62. Bxa3 Kxa3 63. Kf3 1/2-1/2

[Event "FICGS W-ch st1 g06 email"]
[Site "FICGS email"]
[Date "2022.11.02"]
[Round "1"]
[White "Ploscaru, Stelian"]
[Black "Pintor, Manuel"]
[Result "1-0"]
[WhiteElo "2208"]
[BlackElo "1652"]
[PlyCount "43"]
[EventDate "2022.??.??"]
[EventType "tourn (corr)"]
[EventRounds "6"]
[SourceTitle "Corr 2024"]
[Source "ChessBase"]
[SourceDate "2023.10.19"]
[SourceVersion "1"]
[SourceVersionDate "2023.10.19"]
[SourceQuality "1"]

1. e4 e5 2. Nf3 Nc6 3. Bb5 Qf6 4. Nc3 Qg6 5. 0-0 Nf6 6. d4 exd4 7. Nd5 Nxd5 8. exd5 Nb4 9. Re1+ Be7 10. Rxe7+ Kxe7 11. Qe1+ Kd8 12. Qxb4 Qxc2 13. Qxd4 f6 14. Bd2 Re8 15. Bd3 c5 16. dxc6 Qxc6 17. Rc1 Qe6 18. Ng5 fxg5 19. Bxg5+ Re7 20. Qxg7 d5 21. Qf8+ Kd7 22. Bb5+ 1-0

[Event "RM-2021-0-00248"]
[Site "LSS email"]
[Date "2021.12.09"]
[Round "?"]
[White "Nichols, Scott"]
[Black "Ploscaru, Stelian"]
[Result "1/2-1/2"]
[WhiteElo "2338"]
[BlackElo "2311"]
[PlyCount "70"]
[EventDate "2021.08.31"]
[EventType "tourn (corr)"]
[EventRounds "6"]
[EventCountry "GER"]
[SourceTitle "Corr 2024"]
[Source "ChessBase"]
[SourceDate "2023.10.19"]
[SourceVersion "1"]
[SourceVersionDate "2023.10.19"]
[SourceQuality "1"]

1. Nf3 d5 2. g3 c5 3. Bg2 Nf6 4. 0-0 e6 5. c4 d4 6. e3 Nc6 7. exd4 cxd4 8. d3 Bd6 9. Bg5 h6 10. Bxf6 Qxf6 11. Nbd2 Qe7 12. Re1 0-0 13. Nb3 Qf6 14. c5 Bc7 15. Rc1 e5 16. Nbd2 Bg4 17. a3 a5 18. b3 Qe7 19. Qc2 Be6 20. Rb1 f6 21. b4 axb4 22. axb4 Ra2 23. Qd1 Qd7 24. b5 Ne7 25. b6 Bb8 26. Ra1 Rxa1 27. Qxa1 Bd5 28. Qa3 Qc6 29. Bh3 Kf7 30. Nh4 g6 31. f4 Kg7 32. Qb4 Qe8 33. Nhf3 Nc6 34. Qa4 Qe7 35. Qa3 Be6 1/2-1/2